00000000nam 2200000zi 4500
0019.897249
003CaOODSP
00520221107174535
006m     o  d f      
007cr cn|||||||||
008210308t20212021quca    ob   f000 0 fre d
020 |a9780660377650
040 |aCaOODSP|bfre|erda|cCaOODSP
043 |an-cn-bc
045 |ay2y2
0861 |aTU3-10/20-0080F-PDF
1102 |aBureau de la sécurité des transports du Canada.|eauteur, |eorganisme de publication.
24510|aCollision avec le relief, Aberdeen Helicopters Ltd., Airbus Helicopters AS 350 B2 (hélicoptère), C-FAHC, Stewart (Colombie-Britannique), 45 NM NNW, 17 août 2020.
264 1|aGatineau QC : |bBureau de la sécurité des transports du Canada = Transportation Safety Board of Canada, |c2021.
264 4|c©2021
300 |a1 ressource en ligne (8 pages) : |billustrations en couleur.
336 |atexte|btxt|2rdacontent/fre
337 |ainformatique|bc|2rdamedia/fre
338 |aressource en ligne|bcr|2rdacarrier/fre
4901 |aRapport d'enquête sur la sécurité du transport aérien ; |vA20P0080
500 |aPublié aussi en anglais sous le titre : Collision with terrain, Aberdeen Helicopters Ltd., Airbus Helicopters AS 350 B2 (helicopter), C-FAHC, Stewart, British Columbia, 45 NM NNW, 17 August 2020.
500 |a« Publié le 9 mars 2021. »
500 |aPublié aussi en format HTML.
504 |aComprend des références bibliographiques.
650 6|aHélicoptères|xAccidents|xEnquêtes|zColombie-Britannique.
77508|tCollision with terrain, Aberdeen Helicopters Ltd., Airbus Helicopters AS 350 B2 (helicopter), C-FAHC, Stewart, British Columbia, 45 NM NNW, 17 August 2020.|w(CaOODSP)9.897248
830#0|aBilan d'enquête de sécurité du transport aérien ;|vA20P0080.|w(CaOODSP)9.845276
85640|qPDF|s897 Ko|uhttps://publications.gc.ca/collections/collection_2021/bst-tsb/TU3-10-20-0080-fra.pdf
8564 |qHTML|sS.O.|uhttps://www.bst-tsb.gc.ca/fra/rapports-reports/aviation/2020/a20p0080/a20p0080.html